[Event "Staufer op 22nd"]
[Site "Schwaebisch Gmuend"]
[Date "2010.01.04"]
[Round "6"]
[White "Weiss, Andreas"]
[Black "Mueck, Heinz Peter"]
[Result "1-0"]
[WhiteElo "2227"]
[BlackElo "2013"]
[PlyCount "53"]
[EventDate "2010.01.02"]
[EventType "swiss"]
[EventRounds "9"]
[EventCountry "GER"]
[SourceTitle "CBM 134 Extra"]
[Source "ChessBase"]
[SourceDate "2010.03.03"]
[SourceVersion "1"]
[SourceVersionDate "2010.03.03"]
[SourceQuality "1"]

1. e4 g5 2. d4 Bg7 3. Nc3 c5 4. dxc5 Qa5 5. Bxg5 Bxc3+ 6. bxc3 Qxc3+ 7. Bd2 Qxc5 8. Bd3 Nf6 9. Ne2 Rg8 10. 0-0 d6 11. Ng3 Bg4 12. Qb1 Nbd7 13. Qxb7 Rb8 14. Qa6 h5 15. Be3 h4 16. Bxc5 Nxc5 17. Qxa7 Rb7 18. Qa8+ Kd7 19. Qa5 Nxd3 20. cxd3 hxg3 21. f3 gxh2+ 22. Kxh2 Rb2 23. Rf2 Rxf2 24. Qa7+ Kd8 25. Qxf2 Ke8 26. a4 e5 27. a5 1-0